000 00800nam a2200241 a 4500
001 64292
003 BD-RjUL
005 20211209081306.0
008 170213s1986 bg 001 0 eng
020 _cTk150.00
035 _a(BD-RjUL)64422
040 _aDLC
_cDLC
_dBD-RjUL
_beng
041 _aeng
082 0 0 _223
_a330.91724
_bHOV 1986
100 1 _aHolzhausen, Walter,
_d1929-
_9190924
245 1 0 _aVision creates hope :
_breflections on development issues in developing countries and in Bangladesh /
_cWalter Holzhausen.
260 _aDhaka, Bangladesh :
_bUniversity Press,
_cc1986.
300 _aviii, 118 p. ;
_c22 cm.
500 _aIncludes index.
651 0 _aDeveloping countries
_xEconomic conditions.
_9174336
651 0 _aBangladesh
_xEconomic conditions.
_9174005
942 _2ddc
_cBK
999 _c64292
_d64292